| 000 | 00574nam a22001817a 4500 | ||
|---|---|---|---|
| 003 | BD-DhJNU | ||
| 005 | 20250624071628.0 | ||
| 008 | 250624b |||||||| |||| 00| 0 eng d | ||
| 040 |
_aBD-DhJNU _bENG _cBD-DhJNU _dBD-DhJNU |
||
| 082 |
_223 _a954.14 |
||
| 100 | _aKhan, Bazlur Rahman | ||
| 245 |
_aPolitics in Bengal 1927-1936 / _cBazlur Rahman Khan |
||
| 260 |
_aDhaka : _bAsiatic Society of Bangladesh, _c1987. |
||
| 300 |
_axvi, 250 p. : _bill. ; _c25 cm. |
||
| 504 | _aincludes bibliographical reference and index | ||
| 650 | _aPolitics and government | ||
| 942 |
_2ddc _cBK _n0 |
||
| 999 |
_c1826 _d1826 |
||